Elayotecnia (Record no. 145377)

MARC details
000 -LEADER
campo de control de longitud fija 00610nam a2200181 4500
001 - NÚMERO DE CONTROL
campo de control 145377
003 - IDENTIFICADOR DE NÚMERO DE CONTROL
campo de control ES-MaACL
005 - FECHA Y HORA DE LA ÚLTIMA TRANSACCIÓN
campo de control 20230906201223.0
007 - CAMPO FIJO DE DESCRIPCIÓN FÍSICA--INFORMACIÓN GENERAL
campo de control de longitud fija t|
008 - DATOS DE LONGITUD FIJA--INFORMACIÓN GENERAL
campo de control de longitud fija 070214s1967 sp r ||||1| spa d
100 1# - ENTRADA PRINCIPAL--NOMBRE DE PERSONA
Nombre de persona Soroa y Pineda, José María de.
9 (RLIN) 107414
245 10 - MENCIÓN DEL TÍTULO
Título Elayotecnia
Resto del título : extracción, mejora, empleos y subproductos del aceite de oliva /
Mención de responsabilidad, etc. José María Soroa y Pineda.
250 ## - MENCION DE EDICION
Mención de edición 6ª ed. corr. y aum.
260 ## - PUBLICACIÓN, DISTRIBUCIÓN, ETC.
Lugar de publicación, distribución, etc. Madrid :
Nombre del editor, distribuidor, etc. Dossat,
Fecha de publicación, distribución, etc. 1967 (
Fabricante Tip. Artística)
300 ## - DESCRIPCIÓN FÍSICA
Extensión 500 p. :
Otras características físicas il. ;
Dimensiones 23 cm.
650 ## - PUNTO DE ACCESO ADICIONAL DE MATERIA--TÉRMINO DE MATERIA
Término de materia o nombre geográfico como elemento de entrada Aceite de oliva-
Subdivisión general Elaboración.
9 (RLIN) 171210
852 ## - LOCALIZACIÓN
Ubicación ES-MaACL
Número de control de estantería A-6008
Holdings
Estatus retirado Estado de pérdida Estado de daño No para préstamo Biblioteca de origen Biblioteca actual Ubicación en estantería Fecha de adquisición Fuente de adquisición Total de préstamos Signatura topográfica completa Código de barras Visto por última vez Precio de reemplazo Tipo de ítem Koha
        Biblioteca del Ateneo de Madrid Biblioteca del Ateneo de Madrid Sala Pecera Planta 1 17/01/2008     A-6008 1151750 23/02/2023 23/02/2023 Libro impreso